000 00971nam a2200313Ia 4500
003 OSt
005 20221007124146.0
006 a|||||r|||| 00| 0
007 ta
008 221006b |||||||| |||| 00| 0 eng d
020 _a9789812835451 (hbd)
024 _a110508
037 _b1086, 02/08/2010, Ashutosh Technical Books
_cTextbook
040 _aCDL
_cCDL
_beng
041 _2eng
_aeng
082 _aCN1, P9 Carc
100 _aPadmanabhan Thanu
245 0 _aQuantum themes:the charms of the miroworld
260 _aLondon
_bWorld Scientific Publishing
_c2009
300 _axii, 225p.
_ccm.
500 _aIndex 217-225p.
650 _a Cosmology
650 _a Mathematical statistics
_9718580
650 _a Microphysics
_9718581
650 _a Quantum theory
_9612792
650 _aChemistry
942 _hCN1, P9 Carc
_cTB
_2CC
999 _c1213104
_d1213104